Kavin Tamil Urai Nool (Record no. 221243)

MARC details
000 -LEADER
fixed length control field 00433nam a2200193Ia 4500
008 - FIXED-LENGTH DATA ELEMENTS--GENERAL INFORMATION
fixed length control field 240823s9999||||xx |||||||||||||| ||und||
020 ## - INTERNATIONAL STANDARD BOOK NUMBER
International Standard Book Number 978-81-907708-2-8-2
082 ## - DEWEY DECIMAL CLASSIFICATION NUMBER
-- 824.8 P9
100 ## - MAIN ENTRY--PERSONAL NAME
Personal name Bagavathgeetha P
245 #0 - TITLE STATEMENT
Title Kavin Tamil Urai Nool
250 ## - EDITION STATEMENT
Edition statement 1st
260 ## - PUBLICATION, DISTRIBUTION, ETC. (IMPRINT)
Date of publication, distribution, etc 2009
Name of publisher, distributor, etc Nal
500 ## - GENERAL NOTE
General note YES
650 ## - SUBJECT ADDED ENTRY--TOPICAL TERM
Topical term or geographic name as entry element General
942 ## - ADDED ENTRY ELEMENTS (KOHA)
Item type Books
Holdings
Withdrawn status Lost status Damaged status Permanent location Current location Date acquired Source of acquisition Cost, normal purchase price Full call number Barcode Date last seen Koha item type
      CENTRAL LIBRARY, NOORUL ISLAM CENTRE FOR HIGHER EDUCATION CENTRAL LIBRARY, NOORUL ISLAM CENTRE FOR HIGHER EDUCATION 02/24/2015 Tamil Nadu Book House 75.00 824.8 P9 70379 08/23/2024 Books
Visitors:
Copyright © 2024 Central Library NICHE.  All rights reserved.